00337pab a2200109 454500008004000000100002300040245006600063260000900129300001100138650004600149773003200195180718b1990 xxu||||| |||| 00| 0 eng d aVandamme, Francois aThe reform of the EEC structural fundsbHopes and limitations c1990 a715-31 aEuropean Economic Community - Legislation aInternational Labour Review